[Event "La Pobla de Lillet op"]
[Site "La Pobla de Lillet ESP"]
[Date "2009.??.??"]
[Round "5.3"]
[White "Guerra Bastida, D."]
[Black "Granero Roca, A."]
[Result "1/2-1/2"]
[WhiteElo "2419"]
[BlackElo "2433"]
[PlyCount "72"]
[EventDate "2009.08.02"]
[EventType "swiss"]
[EventRounds "9"]
[EventCountry "ESP"]
[SourceTitle "Ajedrez en Madrid"]
[Source "lmi"]
[SourceDate "2020.06.24"]
[SourceVersion "1"]
[SourceVersionDate "2020.06.25"]
[SourceQuality "1"]

1. e4 c5 2. Nf3 Nc6 3. d4 cxd4 4. Nxd4 g6 5. c4 Nf6 6. Nc3 d6 7. Nc2 Bg7 8. Be2
O-O 9. O-O a5 10. Na3 Bd7 11. Be3 a4 12. f4 Qa5 13. c5 Qb4 14. Rb1 Ng4 15. Bxg4
Bxg4 16. Qxg4 Bxc3 17. bxc3 Qxa3 18. Qe2 dxc5 19. Qc2 Nd4 20. Bxd4 cxd4 21.
cxd4 Qe3+ 22. Qf2 Qxe4 23. Rbe1 Qd5 24. Rxe7 Rfe8 25. Re5 Rxe5 26. dxe5 Rd8 27.
h3 b5 28. f5 Qd4 29. e6 fxe6 30. fxe6 Qxf2+ 31. Rxf2 Rd1+ 32. Kh2 Re1 33. Rf6
Re5 34. a3 Kg7 35. Rf7+ Kg8 36. Rf6 Kg7 1/2-1/2

[Event "La Pobla de Lillet op"]
[Site "La Pobla de Lillet ESP"]
[Date "2009.??.??"]
[Round "5.4"]
[White "Barsov, A."]
[Black "Guramishvili, S."]
[Result "1-0"]
[WhiteElo "2511"]
[BlackElo "2339"]
[PlyCount "115"]
[EventDate "2009.08.02"]
[EventType "swiss"]
[EventRounds "9"]
[EventCountry "ESP"]
[SourceTitle "Ajedrez en Madrid"]
[Source "lmi"]
[SourceDate "2020.06.24"]
[SourceVersion "1"]
[SourceVersionDate "2020.06.25"]
[SourceQuality "1"]

1. d4 d5 2. c4 c6 3. Nf3 Nf6 4. Nc3 dxc4 5. a4 Bf5 6. Ne5 Nbd7 7. Nxc4 Nb6 8.
Ne5 a5 9. f3 Nfd7 10. e4 Nxe5 11. dxe5 Qxd1+ 12. Kxd1 Be6 13. Kc2 g6 14. Rb1
Nd7 15. b4 Nxe5 16. bxa5 Bc8 17. a6 bxa6 18. a5 Bg7 19. Na4 Nd7 20. Bc4 O-O 21.
Ba3 Re8 22. Rhd1 Bf8 23. Nb6 Nxb6 24. Rxb6 Ra7 25. Bc5 e6 26. Bxf8 Kxf8 27. Rd6
Bb7 28. Kc3 Ke7 29. e5 Rd8 30. Rxd8 Kxd8 31. Kd4 Kc7 32. Kc5 Ra8 33. Rb3 Rd8
34. Rd3 Rxd3 35. Bxd3 Bc8 36. Bc4 Bb7 37. f4 h5 38. g3 Ba8 39. Bd3 Bb7 40. Be4
Ba8 41. Bf3 Bb7 42. h3 Ba8 43. Be2 Bb7 44. Bf3 Ba8 45. h4 Bb7 46. Bg2 Ba8 47.
Be4 Bb7 48. Bf3 Ba8 49. g4 hxg4 50. Bxg4 Bb7 51. h5 gxh5 52. Bxh5 Bc8 53. Bxf7
Bd7 54. f5 exf5 55. e6 Bxe6 56. Bxe6 f4 57. Bg4 Kb7 58. Kd6 1-0

[Event "La Pobla de Lillet op"]
[Site "La Pobla de Lillet ESP"]
[Date "2009.??.??"]
[Round "5.5"]
[White "Mirzoev, A."]
[Black "Capellades Subirana, M."]
[Result "1/2-1/2"]
[WhiteElo "2559"]
[BlackElo "2210"]
[PlyCount "49"]
[EventDate "2009.08.02"]
[EventType "swiss"]
[EventRounds "9"]
[EventCountry "ESP"]
[SourceTitle "Ajedrez en Madrid"]
[Source "lmi"]
[SourceDate "2020.06.24"]
[SourceVersion "1"]
[SourceVersionDate "2020.06.25"]
[SourceQuality "1"]

1. Nf3 Nf6 2. c4 e6 3. Nc3 d5 4. d4 Bb4 5. cxd5 exd5 6. Qa4+ Nc6 7. Bf4 Ne4 8.
Rc1 O-O 9. h3 Re8 10. e3 g5 11. Bh2 Qe7 12. Ne5 f6 13. Nxc6 bxc6 14. Bg1 Bd7
15. a3 Bxc3+ 16. bxc3 Rab8 17. Be2 Rb2 18. Qxa7 Ra2 19. g4 Rxa3 20. Qxc7 Nxc3
21. Bd3 Na2 22. Rd1 Nc3 23. Rc1 Na2 24. Rd1 Nc3 25. Rc1 1/2-1/2

[Event "La Pobla de Lillet op"]
[Site "La Pobla de Lillet ESP"]
[Date "2009.??.??"]
[Round "5.6"]
[White "Oms Fuentes, L."]
[Black "Molina Suau, F."]
[Result "1-0"]
[WhiteElo "2351"]
[BlackElo "2185"]
[PlyCount "49"]
[EventDate "2009.08.02"]
[EventType "swiss"]
[EventRounds "9"]
[EventCountry "ESP"]
[SourceTitle "Ajedrez en Madrid"]
[Source "lmi"]
[SourceDate "2020.06.24"]
[SourceVersion "1"]
[SourceVersionDate "2020.06.25"]
[SourceQuality "1"]

1. e4 c5 2. Nf3 Nc6 3. c3 Nf6 4. e5 Nd5 5. d4 cxd4 6. cxd4 d6 7. Bc4 Nb6 8. Bb5
dxe5 9. Bxc6+ bxc6 10. Nxe5 Qd5 11. O-O Bb7 12. Nc3 Qe6 13. Re1 g6 14. Bg5 h6
15. Ng4 Qf5 16. Bf6 Rh7 17. Re5 Qc8 18. Bxe7 Bg7 19. Bc5+ Bxe5 20. dxe5 Nd5 21.
Nxd5 cxd5 22. Nf6+ Kd8 23. Rc1 Rh8 24. Bd6 Qf5 25. Qa4 1-0

[Event "La Pobla de Lillet op"]
[Site "La Pobla de Lillet ESP"]
[Date "2009.??.??"]
[Round "5.7"]
[White "Gallart Zafra, J."]
[Black "Ayza Ballester, J."]
[Result "0-1"]
[WhiteElo "2161"]
[BlackElo "2294"]
[PlyCount "110"]
[EventDate "2009.08.02"]
[EventType "swiss"]
[EventRounds "9"]
[EventCountry "ESP"]
[SourceTitle "Ajedrez en Madrid"]
[Source "lmi"]
[SourceDate "2020.06.24"]
[SourceVersion "1"]
[SourceVersionDate "2020.06.25"]
[SourceQuality "1"]

1. e4 c5 2. Nf3 e6 3. d4 cxd4 4. Nxd4 a6 5. Be2 Nf6 6. Bf3 d5 7. exd5 Nxd5 8.
O-O Be7 9. c4 Nf6 10. Nc3 Qc7 11. Qe2 O-O 12. Bg5 h6 13. Bh4 Qf4 14. Ne4 Nxe4
15. Bxe7 Re8 16. Bxe4 Rxe7 17. Rfd1 Re8 18. g3 Qc7 19. Rac1 Nd7 20. Bg2 Nf6 21.
b4 e5 22. Nb3 Bg4 23. Bf3 Bxf3 24. Qxf3 e4 25. Qc3 Qc8 26. Rd6 Qh3 27. Rxf6
gxf6 28. Qxf6 e3 29. Nd4 exf2+ 30. Qxf2 Qh5 31. Rf1 Re4 32. Nf5 Rf8 33. Qb2 Qg5
34. h4 Qg6 35. Qg2 Rfe8 36. Qf3 Re1 37. c5 Rxf1+ 38. Kxf1 h5 39. Qf4 Re6 40.
Kg2 Kh7 41. Nd6 Re7 42. a4 Qg4 43. Qxg4 hxg4 44. Kf2 Kg6 45. a5 Kf6 46. b5 axb5
47. Nxb5 Kf5 48. c6 bxc6 49. Nd4+ Ke4 50. Nxc6 Rc7 51. Nb8 Rc2+ 52. Ke1 Ke3 53.
Kd1 Ra2 54. a6 f5 55. h5 f4 0-1

[Event "La Pobla de Lillet op"]
[Site "La Pobla de Lillet ESP"]
[Date "2009.??.??"]
[Round "5.8"]
[White "Tarrago Antoni, M."]
[Black "Tejero Royo, F."]
[Result "1-0"]
[WhiteElo "2255"]
[BlackElo "2182"]
[PlyCount "117"]
[EventDate "2009.08.02"]
[EventType "swiss"]
[EventRounds "9"]
[EventCountry "ESP"]
[SourceTitle "Ajedrez en Madrid"]
[Source "lmi"]
[SourceDate "2020.06.24"]
[SourceVersion "1"]
[SourceVersionDate "2020.06.25"]
[SourceQuality "1"]

1. Nf3 d5 2. c4 c6 3. g3 g6 4. Qa4 dxc4 5. Qxc4 Bg7 6. Bg2 Be6 7. Qc2 Nf6 8.
Nc3 O-O 9. O-O Na6 10. Ng5 Bd7 11. d4 h6 12. Nf3 Be6 13. Bf4 Qa5 14. Be5 Ng4
15. Bxg7 Kxg7 16. e4 Rad8 17. a3 Nb8 18. Rfe1 Nf6 19. h3 Qh5 20. e5 Nd5 21.
Nxd5 cxd5 22. g4 Bxg4 23. hxg4 Qxg4 24. Qd2 Nc6 25. Rad1 e6 26. Nh2 Qh4 27. Re3
f5 28. Rh3 Qg5 29. Qxg5 hxg5 30. Bf1 g4 31. Rb3 Rf7 32. Bb5 Na5 33. Rc3 a6 34.
Bd3 b5 35. Kg2 Kh6 36. Kg3 Kg5 37. f4+ Kh6 38. Rh1 Kg7 39. Nf1 Rdd7 40. Nd2 Nc4
41. Nb3 Nxb2 42. Nc5 Rde7 43. Nxa6 Nxd3 44. Rxd3 Re8 45. Nc5 Rfe7 46. Rb3 Ra8
47. Kg2 g5 48. fxg5 Kg6 49. Kg3 Kxg5 50. Nd3 Kg6 51. Nf4+ Kg7 52. Rh5 Ra4 53.
Rd3 b4 54. axb4 Rxb4 55. Rg5+ Kf7 56. Rg6 Ra7 57. Rf6+ Kg8 58. Nxe6 Ra1 59.
Rxf5 1-0

[Event "La Pobla de Lillet op"]
[Site "La Pobla de Lillet ESP"]
[Date "2009.??.??"]
[Round "5.9"]
[White "Companyo Pagerols, JM."]
[Black "Pascual Genoves, M."]
[Result "1/2-1/2"]
[WhiteElo "2079"]
[BlackElo "2227"]
[PlyCount "123"]
[EventDate "2009.08.02"]
[EventType "swiss"]
[EventRounds "9"]
[EventCountry "ESP"]
[SourceTitle "Ajedrez en Madrid"]
[Source "lmi"]
[SourceDate "2020.06.24"]
[SourceVersion "1"]
[SourceVersionDate "2020.06.25"]
[SourceQuality "1"]

1. f4 g6 2. Nf3 Bg7 3. e3 c5 4. Nc3 a6 5. b3 Nc6 6. Bb2 d5 7. Be2 Nf6 8. O-O
O-O 9. Ne5 Qc7 10. Nxc6 Qxc6 11. Bf3 e6 12. Qe2 Qc7 13. Nd1 Bd7 14. Nf2 Rac8
15. Be5 Qb6 16. g4 Ne8 17. g5 f5 18. gxf6 Nxf6 19. h4 c4 20. bxc4 Rxc4 21. c3
Rcc8 22. a4 Qd8 23. h5 Nxh5 24. Bxh5 Bxe5 25. Bxg6 Bg7 26. Bc2 Be8 27. Ng4 Qh4
28. Rf2 Bg6 29. Bxg6 hxg6 30. Rh2 Qe7 31. Qg2 Rf5 32. Nh6+ Bxh6 33. Rxh6 Rf6
34. Rxg6+ Rxg6 35. Qxg6+ Qg7 36. Qxg7+ Kxg7 37. Rb1 Rc7 38. Kf2 Kf6 39. Ke2 Kf5
40. Kd3 Rd7 41. Kd4 Rc7 42. d3 Rd7 43. Rg1 Kf6 44. Rg5 b5 45. axb5 axb5 46. Rg1
Rb7 47. Rb1 Kf5 48. Rb3 Kg4 49. Ke5 Kf3 50. e4 Ke3 51. exd5 exd5 52. d4 Kd3 53.
Kxd5 Kc2 54. Ra3 Kb2 55. Kc6 Rf7 56. Kxb5 Kxa3 57. c4 Rxf4 58. d5 Rd4 59. Kc5
Rd1 60. Kc6 Kb4 61. d6 Kxc4 62. d7 1/2-1/2

[Event "La Pobla de Lillet op"]
[Site "La Pobla de Lillet ESP"]
[Date "2009.??.??"]
[Round "5.10"]
[White "Perez Campos, A."]
[Black "Campos Olaya, I."]
[Result "1-0"]
[WhiteElo "2215"]
[BlackElo "2148"]
[PlyCount "143"]
[EventDate "2009.08.02"]
[EventType "swiss"]
[EventRounds "9"]
[EventCountry "ESP"]
[SourceTitle "Ajedrez en Madrid"]
[Source "lmi"]
[SourceDate "2020.06.24"]
[SourceVersion "1"]
[SourceVersionDate "2020.06.25"]
[SourceQuality "1"]

1. e4 c6 2. d4 d5 3. Nc3 dxe4 4. Nxe4 Nd7 5. Bc4 Ngf6 6. Ng5 e6 7. Qe2 Nb6 8.
Bb3 h6 9. N5f3 c5 10. c3 Nbd5 11. Nh3 Qc7 12. O-O Bd6 13. dxc5 Bxc5 14. c4 Nb6
15. Bf4 Qe7 16. Be5 O-O 17. Bc2 Bd6 18. Bc3 e5 19. Nxe5 Bxh3 20. gxh3 Bxe5 21.
Qxe5 Qxe5 22. Bxe5 Nxc4 23. Bxf6 gxf6 24. b3 Nd6 25. Rad1 Rac8 26. Rd2 Rc7 27.
Rfd1 Nb5 28. Bf5 Re7 29. Rd7 Rfe8 30. R1d3 h5 31. Kg2 Re5 32. Rg3+ Kf8 33. Bh7
Rg5 34. a4 Nc3 35. Rxb7 Re7 36. Rxe7 Kxe7 37. Rxg5 fxg5 38. Kf3 Kd6 39. h4 gxh4
40. Kf4 f6 41. Bg6 Ne2+ 42. Ke3 Nc1 43. Bf7 Na2 44. Bxh5 Ke5 45. f4+ Kf5 46. h3
Ke6 47. Be2 Nb4 48. Bg4+ Kd5 49. Bf3+ Ke6 50. Ke4 f5+ 51. Kd4 Kd6 52. Kc4 Na6
53. b4 Nc7 54. Be2 Ne6 55. Bd3 Nxf4 56. Bxf5 Nd5 57. Kb5 Nc7+ 58. Ka5 Kd5 59.
Bg4 Kd6 60. Bf3 Kd7 61. b5 Kd6 62. Kb4 Ne6 63. Kc4 Ng5 64. Bg2 Ne6 65. a5 Nf4
66. b6 a6 67. Bb7 Nxh3 68. Bxa6 Kc6 69. Bb5+ Kb7 70. Kc5 Nf4 71. a6+ Kc8 72.
Kd6 1-0

[Event "La Pobla de Lillet op"]
[Site "La Pobla de Lillet ESP"]
[Date "2009.08.06"]
[Round "5.18"]
[White "Jimenez Sanchez, JR."]
[Black "Garcia Galeote, L."]
[Result "0-1"]
[WhiteElo "1852"]
[BlackElo "2081"]
[PlyCount "54"]
[EventDate "2009.08.02"]
[EventType "swiss"]
[EventRounds "9"]
[EventCountry "ESP"]
[SourceTitle "Ajedrez en Madrid"]
[Source "lmi"]
[SourceDate "2020.06.24"]
[SourceVersion "1"]
[SourceVersionDate "2020.06.25"]
[SourceQuality "1"]

1. c4 g6 2. g3 Bg7 3. Bg2 Nf6 4. Nf3 O-O 5. O-O d6 6. d4 Nc6 7. Nc3 e5 8. h3 h6
9. Be3 Kh7 10. Qd2 Bf5 11. Nh4 Bd7 12. g4 Nxg4 13. hxg4 Qxh4 14. d5 Nd4 15. f3
f5 16. Bf2 Qg5 17. Be3 Qe7 18. Bh3 fxg4 19. fxg4 Qh4 20. Kg2 Bxg4 21. Rh1 Rf5
22. Ne4 Bxh3+ 23. Rxh3 Qxe4+ 24. Kh2 Raf8 25. Rh1 Rf2+ 26. Bxf2 Rxf2+ 27. Kg1
Qg2# 0-1

[Event "La Pobla de Lillet op"]
[Site "La Pobla de Lillet ESP"]
[Date "2009.??.??"]
[Round "6.1"]
[White "Cuartas Medina, JA."]
[Black "Matnadze, A."]
[Result "1-0"]
[WhiteElo "2521"]
[BlackElo "2413"]
[PlyCount "125"]
[EventDate "2009.08.02"]
[EventType "swiss"]
[EventRounds "9"]
[EventCountry "ESP"]
[SourceTitle "Ajedrez en Madrid"]
[Source "lmi"]
[SourceDate "2020.06.24"]
[SourceVersion "1"]
[SourceVersionDate "2020.06.25"]
[SourceQuality "1"]

1. e4 c5 2. Nf3 d6 3. d4 cxd4 4. Nxd4 Nf6 5. Nc3 Nc6 6. Bg5 e6 7. Qd2 Qb6 8.
O-O-O Qxd4 9. Qxd4 Nxd4 10. Rxd4 a6 11. f3 Nd7 12. Be2 Ne5 13. Na4 b5 14. Nb6
Rb8 15. Nxc8 Rxc8 16. a4 Nc6 17. Rd2 Rb8 18. axb5 axb5 19. Rhd1 Kd7 20. Bf4 e5
21. Be3 Kc7 22. c3 Be7 23. b4 Rb7 24. Rd5 Rhb8 25. Kb2 Bf8 26. Ra1 Ne7 27. Rd2
h6 28. Ra6 Nc6 29. Bd1 Be7 30. Bb3 Bg5 31. Bxg5 hxg5 32. Bxf7 Ra7 33. Rxa7+
Nxa7 34. Kb3 Rh8 35. h3 Nc6 36. Ra2 Kb6 37. Bd5 Ne7 38. c4 Rc8 39. Be6 bxc4+
40. Bxc4 Nc6 41. Kc3 Nd4 42. Kd3 Nc6 43. Ra4 Rc7 44. Bd5 Nd4 45. Bc4 Nc6 46.
Ke3 Ra7 47. Rxa7 Kxa7 48. b5 Nd4 49. Kf2 Kb6 50. Bd3 Ne6 51. Kg3 Nf4 52. Bf1 d5
53. Kg4 d4 54. g3 Ne6 55. Kf5 Nd8 56. Kxe5 Kc5 57. Kf5 Nf7 58. e5 Kd5 59. b6
g6+ 60. Kf6 Nxe5 61. b7 Nd7+ 62. Ke7 Nb8 63. Kd8 1-0

[Event "La Pobla de Lillet op"]
[Site "La Pobla de Lillet ESP"]
[Date "2009.??.??"]
[Round "6.2"]
[White "Martinez Duany, LS."]
[Black "Guerra Bastida, D."]
[Result "1-0"]
[WhiteElo "2507"]
[BlackElo "2419"]
[PlyCount "97"]
[EventDate "2009.08.02"]
[EventType "swiss"]
[EventRounds "9"]
[EventCountry "ESP"]
[SourceTitle "Ajedrez en Madrid"]
[Source "lmi"]
[SourceDate "2020.06.24"]
[SourceVersion "1"]
[SourceVersionDate "2020.06.25"]
[SourceQuality "1"]

1. e4 c5 2. Nc3 d6 3. Nf3 Nf6 4. d4 cxd4 5. Nxd4 Bd7 6. Be2 Bc6 7. O-O e6 8. f4
Nbd7 9. Nxc6 bxc6 10. Kh1 Be7 11. b3 O-O 12. Bb2 Qc7 13. Qe1 Nc5 14. Bf3 d5 15.
e5 Nfd7 16. Rd1 Nb6 17. Ne2 Rfe8 18. Ng3 Bh4 19. Qe3 Bxg3 20. hxg3 Ncd7 21. g4
Rab8 22. Ba3 c5 23. Qe1 Nc8 24. c4 d4 25. Be4 Nf8 26. Bc1 Nb6 27. Rd3 Qe7 28.
Rh3 Nbd7 29. Qa5 f6 30. exf6 Nxf6 31. Bf3 Rec8 32. Qe1 Ne8 33. f5 Kh8 34. fxe6
Qxe6 35. Rxh7+ Kxh7 36. Qh4+ Kg8 37. Bd5 Nc7 38. Bxe6+ Nfxe6 39. g5 Rf8 40. Re1
Kf7 41. Qe4 Rbc8 42. Bf4 Nxf4 43. Qxf4+ Kg8 44. Qd6 Rfd8 45. Qxc5 d3 46. g6 Nd5
47. Re8+ Rxe8 48. Qxd5+ Kh8 49. Qxd3 1-0

[Event "La Pobla de Lillet op"]
[Site "La Pobla de Lillet ESP"]
[Date "2009.??.??"]
[Round "6.3"]
[White "Ayza Ballester, J."]
[Black "Barsov, A."]
[Result "1-0"]
[WhiteElo "2294"]
[BlackElo "2511"]
[PlyCount "35"]
[EventDate "2009.08.02"]
[EventType "swiss"]
[EventRounds "9"]
[EventCountry "ESP"]
[SourceTitle "Ajedrez en Madrid"]
[Source "lmi"]
[SourceDate "2020.06.24"]
[SourceVersion "1"]
[SourceVersionDate "2020.06.25"]
[SourceQuality "1"]

1. e4 e6 2. d4 d5 3. Nc3 Bb4 4. e5 Ne7 5. f4 c5 6. Bd2 Nf5 7. Nf3 cxd4 8. Nb5
Bc5 9. b4 Bb6 10. Bd3 Bd7 11. Bxf5 Bxb5 12. Bd3 Bxd3 13. cxd3 Nc6 14. O-O Ne7
15. Qe2 Rc8 16. Rfc1 O-O 17. a4 h6 18. Rab1 1-0

[Event "La Pobla de Lillet op"]
[Site "La Pobla de Lillet ESP"]
[Date "2009.??.??"]
[Round "6.4"]
[White "Granero Roca, A."]
[Black "Tarrago Antoni, M."]
[Result "1-0"]
[WhiteElo "2433"]
[BlackElo "2255"]
[PlyCount "91"]
[EventDate "2009.08.02"]
[EventType "swiss"]
[EventRounds "9"]
[EventCountry "ESP"]
[SourceTitle "Ajedrez en Madrid"]
[Source "lmi"]
[SourceDate "2020.06.24"]
[SourceVersion "1"]
[SourceVersionDate "2020.06.25"]
[SourceQuality "1"]

1. Nf3 Nf6 2. c4 e6 3. Nc3 d5 4. d4 Be7 5. Bg5 Nbd7 6. e3 Ne4 7. Bxe7 Qxe7 8.
Rc1 c6 9. Qc2 f5 10. Be2 Ndf6 11. O-O O-O 12. Rb1 Bd7 13. Ne5 Be8 14. f3 Nd6
15. b4 Nf7 16. f4 Ne4 17. Nxe4 fxe4 18. cxd5 cxd5 19. Nxf7 Rxf7 20. g3 Qc7 21.
Rbc1 Rc8 22. Qd2 Qd8 23. Bg4 Bd7 24. Rc3 Qb6 25. Rfc1 Rff8 26. Rc5 Qd6 27. Qc3
b6 28. Rc7 g6 29. a3 Kf7 30. Be2 Ke7 31. Ba6 Rxc7 32. Qxc7 Ra8 33. Qb7 Qb8 34.
Qxb8 Rxb8 35. Rc7 Kd6 36. Rxa7 Bc8 37. Bb5 Rb7 38. Rxb7 Bxb7 39. g4 h6 40. Kf2
Bc8 41. Kg3 Ke7 42. h4 Kf7 43. a4 Bb7 44. a5 bxa5 45. bxa5 Ke7 46. g5 1-0

[Event "La Pobla de Lillet op"]
[Site "La Pobla de Lillet ESP"]
[Date "2009.??.??"]
[Round "6.5"]
[White "Perez Campos, A."]
[Black "Oms Fuentes, L."]
[Result "1/2-1/2"]
[WhiteElo "2215"]
[BlackElo "2351"]
[PlyCount "94"]
[EventDate "2009.08.02"]
[EventType "swiss"]
[EventRounds "9"]
[EventCountry "ESP"]
[SourceTitle "Ajedrez en Madrid"]
[Source "lmi"]
[SourceDate "2020.06.24"]
[SourceVersion "1"]
[SourceVersionDate "2020.06.25"]
[SourceQuality "1"]

1. c4 e5 2. Nc3 Nc6 3. g3 Bc5 4. Bg2 Nf6 5. e3 d5 6. Nxd5 Nxd5 7. cxd5 Nb4 8.
Qb3 c6 9. a3 Nxd5 10. Qc2 Bb6 11. Nf3 Qe7 12. d3 Bg4 13. h3 Bh5 14. O-O Rd8 15.
b4 O-O 16. Bb2 f6 17. Nd2 Bg6 18. Nc4 Rd7 19. Rfd1 Rfd8 20. Qb3 Kh8 21. Rac1 h6
22. d4 e4 23. Nxb6 axb6 24. b5 Qe6 25. Rc2 cxb5 26. Qxb5 h5 27. h4 Bf5 28. Rdc1
Kh7 29. Rc8 g5 30. hxg5 fxg5 31. Qa4 h4 32. Qa8 Qd6 33. Rxd8 Rxd8 34. Qxb7+ Rd7
35. Qc6 hxg3 36. Qxd6 Rxd6 37. Rc2 Kg6 38. Bc1 gxf2+ 39. Kxf2 g4 40. Kg3 Kg5
41. Bd2 Nf6 42. Bb4 Nh5+ 43. Kf2 g3+ 44. Kg1 Rd7 45. Rc6 Nf6 46. Be1 Nd5 47.
Bd2 Rd8 1/2-1/2

[Event "La Pobla de Lillet op"]
[Site "La Pobla de Lillet ESP"]
[Date "2009.??.??"]
[Round "6.6"]
[White "Ayza Leon, D."]
[Black "Movsziszian, K."]
[Result "1-0"]
[WhiteElo "2216"]
[BlackElo "2570"]
[PlyCount "93"]
[EventDate "2009.08.02"]
[EventType "swiss"]
[EventRounds "9"]
[EventCountry "ESP"]
[SourceTitle "Ajedrez en Madrid"]
[Source "lmi"]
[SourceDate "2020.06.24"]
[SourceVersion "1"]
[SourceVersionDate "2020.06.25"]
[SourceQuality "1"]

1. e4 g6 2. d4 Bg7 3. Nf3 d6 4. Nc3 a6 5. Be3 b5 6. Bd3 Nd7 7. Ne2 Bb7 8. Ng3
Ngf6 9. h3 O-O 10. Qd2 e5 11. dxe5 dxe5 12. O-O c5 13. c3 Qc7 14. Bh6 Rfe8 15.
Bxg7 Kxg7 16. Qg5 c4 17. Bc2 Ng8 18. Rad1 h6 19. Qe3 Nc5 20. Rd2 Rad8 21. Rfd1
Rxd2 22. Rxd2 Ne6 23. Qe1 Nf6 24. Qe3 a5 25. a3 Nf4 26. Kh2 Nh7 27. Nh4 Bc8 28.
Ne2 Nxe2 29. Rxe2 Ng5 30. Nf3 Ne6 31. g3 Nc5 32. Rd2 Bb7 33. Nh4 Qb6 34. Ng2 b4
35. axb4 axb4 36. f3 Ra8 37. Bd1 Ra1 38. Be2 Qb5 39. h4 Rb1 40. h5 g5 41. cxb4
Qxb4 42. Rc2 Ne6 43. Bxc4 Nd4 44. Qc3 Qc5 45. Bd5 Nxf3+ 46. Qxf3 Qg1+ 47. Kh3
1-0

[Event "La Pobla de Lillet op"]
[Site "La Pobla de Lillet ESP"]
[Date "2009.??.??"]
[Round "6.7"]
[White "Pascual Genoves, M."]
[Black "Mirzoev, A."]
[Result "1/2-1/2"]
[WhiteElo "2227"]
[BlackElo "2559"]
[PlyCount "85"]
[EventDate "2009.08.02"]
[EventType "swiss"]
[EventRounds "9"]
[EventCountry "ESP"]
[SourceTitle "Ajedrez en Madrid"]
[Source "lmi"]
[SourceDate "2020.06.24"]
[SourceVersion "1"]
[SourceVersionDate "2020.06.25"]
[SourceQuality "1"]

1. e4 e6 2. d4 d5 3. exd5 exd5 4. Nf3 Nc6 5. Bb5 Bd6 6. c4 dxc4 7. d5 a6 8. Ba4
b5 9. dxc6 bxa4 10. Qxa4 Qe7+ 11. Be3 Bc5 12. O-O Bxe3 13. fxe3 Nf6 14. Qxc4
Qxe3+ 15. Kh1 O-O 16. Nc3 Be6 17. Qd4 Qxd4 18. Nxd4 Bc4 19. Rfe1 Rfe8 20. b3
Bd3 21. Red1 Re3 22. Rac1 h5 23. Kg1 Bg6 24. b4 Rd3 25. Rxd3 Bxd3 26. a4 g6 27.
b5 Kg7 28. Re1 axb5 29. axb5 Kf8 30. h3 Bc4 31. Rb1 Rb8 32. Rb4 Bd3 33. Nb3 Bf5
34. Nc5 Ke7 35. Na6 Rc8 36. Kf2 Be6 37. Rd4 g5 38. Nb4 Rd8 39. Ke3 Rb8 40. Na6
Rc8 41. Nb4 Rb8 42. Na6 Rc8 43. Nb4 1/2-1/2

[Event "La Pobla de Lillet op"]
[Site "La Pobla de Lillet ESP"]
[Date "2009.??.??"]
[Round "6.8"]
[White "Guramishvili, S."]
[Black "Companyo Pagerols, JM."]
[Result "1-0"]
[WhiteElo "2339"]
[BlackElo "2079"]
[PlyCount "59"]
[EventDate "2009.08.02"]
[EventType "swiss"]
[EventRounds "9"]
[EventCountry "ESP"]
[SourceTitle "Ajedrez en Madrid"]
[Source "lmi"]
[SourceDate "2020.06.24"]
[SourceVersion "1"]
[SourceVersionDate "2020.06.25"]
[SourceQuality "1"]

1. g3 e6 2. Bg2 f5 3. c4 Nf6 4. Nf3 Nc6 5. O-O b6 6. a3 Bb7 7. Nc3 Ne4 8. Nxe4
fxe4 9. Ne1 d5 10. d3 dxc4 11. Bxe4 Bc5 12. Qa4 Qd7 13. dxc4 Na5 14. Qxd7+ Kxd7
15. Bxb7 Nxb7 16. Nf3 Raf8 17. b4 Be7 18. Bb2 Bf6 19. Rfd1+ Kc8 20. Bxf6 gxf6
21. Nd4 Re8 22. Rd3 h5 23. Rc1 h4 24. c5 hxg3 25. fxg3 Rh7 26. Nc6 a6 27. cxb6
cxb6 28. Ne5+ Kb8 29. Nd7+ Ka7 30. Nxf6 1-0

[Event "La Pobla de Lillet op"]
[Site "La Pobla de Lillet ESP"]
[Date "2009.??.??"]
[Round "6.9"]
[White "Capellades Subirana, M."]
[Black "Chalmeta Ugas, R."]
[Result "0-1"]
[WhiteElo "2210"]
[BlackElo "2222"]
[PlyCount "66"]
[EventDate "2009.08.02"]
[EventType "swiss"]
[EventRounds "9"]
[EventCountry "ESP"]
[SourceTitle "Ajedrez en Madrid"]
[Source "lmi"]
[SourceDate "2020.06.24"]
[SourceVersion "1"]
[SourceVersionDate "2020.06.25"]
[SourceQuality "1"]

1. e4 c5 2. Nf3 d6 3. d4 cxd4 4. Nxd4 Nf6 5. Nc3 g6 6. Be3 Bg7 7. Bb5+ Bd7 8.
Bxd7+ Qxd7 9. f3 Nc6 10. Nxc6 bxc6 11. Qd2 Rb8 12. b3 O-O 13. Rd1 Rfd8 14. O-O
Qc7 15. Qf2 Rd7 16. Rd3 Rbd8 17. Rfd1 d5 18. exd5 Nxd5 19. Nxd5 cxd5 20. c4 d4
21. Bg5 f6 22. Bh4 e5 23. Kh1 g5 24. Bg3 f5 25. h4 Qc6 26. Bxe5 Bxe5 27. hxg5
Qd6 28. f4 Bxf4 29. Rf1 Be3 30. Qxf5 Rf8 31. Qxf8+ Qxf8 32. Rxf8+ Kxf8 33. g3
Rf7 0-1

[Event "La Pobla de Lillet op"]
[Site "La Pobla de Lillet ESP"]
[Date "2009.08.07"]
[Round "6.10"]
[White "Garcia Galeote, L."]
[Black "Douriet Duany, A."]
[Result "1/2-1/2"]
[WhiteElo "2081"]
[BlackElo "2306"]
[PlyCount "117"]
[EventDate "2009.08.02"]
[EventType "swiss"]
[EventRounds "9"]
[EventCountry "ESP"]
[SourceTitle "Ajedrez en Madrid"]
[Source "lmi"]
[SourceDate "2020.06.24"]
[SourceVersion "1"]
[SourceVersionDate "2020.06.25"]
[SourceQuality "1"]

1. d4 d6 2. c4 Nd7 3. Nc3 e5 4. e4 Ngf6 5. g3 Be7 6. Bg2 exd4 7. Qxd4 O-O 8.
Nge2 Ne5 9. b3 Bg4 10. Ng1 Nfd7 11. f4 Nc6 12. Qd2 Nc5 13. h3 Bd7 14. Nge2 Bf6
15. O-O Re8 16. Rb1 a5 17. Rd1 Nb4 18. a3 Nbd3 19. Qc2 Nxc1 20. Rbxc1 Qc8 21.
Kh2 g6 22. Nd5 Bg7 23. Nec3 Qd8 24. b4 axb4 25. axb4 Na4 26. b5 Nc5 27. b6 cxb6
28. Rb1 Ra3 29. Qc1 Ra6 30. Nb4 Na4 31. Nxa4 Rxa4 32. Qd2 Be6 33. Qxd6 Qxd6 34.
Rxd6 b5 35. Nd5 bxc4 36. Rxb7 Bxd5 37. Rxd5 Ra2 38. e5 g5 39. Rdd7 gxf4 40.
gxf4 Bxe5 41. Rxf7 Bd4 42. Kg3 Re3+ 43. Bf3 Raa3 44. Rfd7 Rxf3+ 45. Kg4 Rg3+
46. Kf5 Bg7 47. Rb8+ Bf8 48. Rdd8 Kg7 49. Rb7+ Kg8 50. Rbb8 Ra5+ 51. Ke4 Rxh3
52. Rxf8+ Kg7 53. Rfc8 Ra7 54. Rxc4 Re7+ 55. Kf5 Rg3 56. Rbc8 Rf7+ 57. Ke4 Re7+
58. Kf5 Rf7+ 59. Ke4 1/2-1/2

[Event "La Pobla de Lillet op"]
[Site "La Pobla de Lillet ESP"]
[Date "2009.??.??"]
[Round "7.1"]
[White "Martinez Duany, LS."]
[Black "Cuartas Medina, JA."]
[Result "1/2-1/2"]
[WhiteElo "2507"]
[BlackElo "2521"]
[PlyCount "25"]
[EventDate "2009.08.02"]
[EventType "swiss"]
[EventRounds "9"]
[EventCountry "ESP"]
[SourceTitle "Ajedrez en Madrid"]
[Source "lmi"]
[SourceDate "2020.06.24"]
[SourceVersion "1"]
[SourceVersionDate "2020.06.25"]
[SourceQuality "1"]

1. e4 c5 2. Nf3 Nc6 3. d4 cxd4 4. Nxd4 Nf6 5. Nc3 e6 6. Ndb5 Bb4 7. a3 Bxc3+ 8.
Nxc3 d5 9. exd5 exd5 10. Bd3 O-O 11. O-O d4 12. Ne2 Bg4 13. f3 1/2-1/2